| 000 -LEADER |
| fixed length control field |
00788cam a2200217 i 4500 |
| 001 - CONTROL NUMBER |
| control field |
18316821 |
| 005 - DATE AND TIME OF LATEST TRANSACTION |
| control field |
20221110162514.0 |
| 008 - FIXED-LENGTH DATA ELEMENTS--GENERAL INFORMATION |
| fixed length control field |
140925s2015 enka b 001 0 eng |
| 020 ## - INTERNATIONAL STANDARD BOOK NUMBER |
| International Standard Book Number |
9780415715508x |
| 080 ## - UNIVERSAL DECIMAL CLASSIFICATION NUMBER |
| Universal Decimal Classification number |
327 E-91 |
| 245 00 - TITLE STATEMENT |
| Title |
European Union : |
| Remainder of title |
power and policy-making / |
| Statement of responsibility, etc. |
edited by Jeremy Richardson and Sonia Mazey. |
| 250 ## - EDITION STATEMENT |
| Edition statement |
Fourth edition. |
| 264 #1 - PRODUCTION, PUBLICATION, DISTRIBUTION, MANUFACTURE, AND COPYRIGHT NOTICE |
| Place of production, publication, distribution, manufacture |
London ; |
| -- |
New York, NY : |
| Name of producer, publisher, distributor, manufacturer |
Routledge, Taylor & Francis Group, |
| Date of production, publication, distribution, manufacture, or copyright notice |
2015. |
| 300 ## - PHYSICAL DESCRIPTION |
| Extent |
503 pages : |
| Other physical details |
illustrations ; |
| Dimensions |
26 cm. |
| 653 ## - INDEX TERM--UNCONTROLLED |
| keyword |
European Union |
| 653 ## - INDEX TERM--UNCONTROLLED |
| keyword |
ევროპის კავშირი |
| 653 ## - INDEX TERM--UNCONTROLLED |
| keyword |
Европейский Союз |
| 700 1# - ADDED ENTRY--PERSONAL NAME |
| Personal name |
Richardson, J. J. |
| Fuller form of name |
რედაქტორი |
| 9 (RLIN) |
10505 |
| 700 1# - ADDED ENTRY--PERSONAL NAME |
| Personal name |
Mazey, Sonia. |
| 9 (RLIN) |
10506 |
| Relator term |
რედაქტორი |
| 942 ## - ADDED ENTRY ELEMENTS (KOHA) |
| Source of classification or shelving scheme |
|
| Koha item type |
წიგნი |